000 00383nam a2200157Ia 4500
008 230917s9999||||xx |||||||||||||| ||und||
020 _cRS6.55
040 _e138258
_aMAIN
041 _aEnglish
082 _a822.33 S15K:T
100 _aShakespeare, William
245 0 _aTragedy of king Lear
260 _a[n.p.]
_bBlaisdell Publishing
_c1967
300 _a146 p.
942 _cBK
999 _c229441
_d229441